Ado Hibana Setlist - Statistics

General Stats
  • This quiz has been taken 143 times
  • The average score is 12 of 21
Answer Stats
Hint Answer % Correct
5. Show
91%
8. Odo
81%
1. Usseewa
77%
15. Gira Gira
72%
17. READYMADE
71%
4. RuLe
68%
3. New Genesis
66%
21. Aishite Aishite Aishite
62%
12. Backlight
61%
14. Kura Kura
59%
18. Elf
58%
9. ROCKSTAR
56%
13. MIRROR
51%
19. Value
48%
10. Chandelier
47%
16. Episode X
47%
11. Fleeting Lullaby
46%
2. Lucky Bruto
46%
20. Stay Gold
38%
6. Charles
37%
7. Hibana
35%
No matching quizzes found
Score Distribution
Percent of People with Each Score
Percentile by Number Answered
Your Score History
You have not taken this quiz